| 000 | 00343 a2200109 4500 | ||
|---|---|---|---|
| 001 | ART_3011 | ||
| 005 | 20260410161712.0 | ||
| 008 | 260409a | ||
| 245 | 1 | 0 | _aPatentes, corporaciones multinacionales y tecnología. |
| 100 | 1 | _aKatz, Jorge M. | |
| 773 | 0 |
_tDesarrollo económico _g- Vol. 12, Nº 45 (abr./jun. 1972) _wREV1174 |
|
| 999 |
_c16138 _d16138 |
||